[Event "NLD-ch (Women)"]
[Site "Dieren"]
[Date "1991.??.??"]
[Round "3"]
[White "Belle, Erika"]
[Black "De Vries, Sylvia"]
[Result "1/2-1/2"]
[WhiteElo "2100"]
[BlackElo "2150"]

1.Nf3 g6 2.c4 Bg7 3.Nc3 d6 4.d4 Nf6 5.e4 O-O 6.Be2 Nbd7 7.O-O e5 8.d5 Nc5
9.Qc2 a5 10.b3 h6 11.a3 Nfd7 12.Bb2 f5 13.exf5 gxf5 14.b4 Na6 15.Na2 b6 16.Rfd1 Rf7
17.Bc3 Nf8 18.Ne1 Qg5 19.Qc1 f4 20.Bd3 Nd7 21.f3 Nf6 22.Rb1 Bf8 23.Rb2 Rg7
24.Bf1 Qh4 25.Nd3 Bf5 26.Nf2 Rg5 27.Be1 Qh5 28.Rb3 Rg7 29.Qd2 Qg6 30.Rc1 Nh5
31.Nc3 Nf6 32.Qe2 Nb8 33.Nce4 Nbd7 34.Nxf6+ Nxf6 35.bxa5 bxa5 36.Bd2 h5 37.Kh1 a4
38.Rb4 h4 39.h3 Nh5 40.Qe1 Ng3+ 41.Kg1 Be7 42.Rb7 Bf6 43.Ng4 Bc8 44.Rb4 Re7
45.Qd1 Bd7 46.Rcb1 Ree8 47.Rb7 Rec8 48.Be1 Bf5 49.R1b4 Bc2 50.Qd2 Bg5 51.Qc3 Bf5
52.c5 Nxf1 53.Kxf1 Bd3+ 54.Kg1 Ba6 55.c6 Bd3 56.Nf2 Bc2 57.Ne4 Bb3 58.Qd2 Be7
59.Nc3 Qf7 60.Qd3 Kg7 61.R4b5  1/2-1/2

[Event "Dortmund-B"]
[Site "Dortmund"]
[Date "1991.??.??"]
[Round "1"]
[White "Vokac, Marek"]
[Black "Vogt, Lothar"]
[Result "1/2-1/2"]
[WhiteElo "2455"]
[BlackElo "2510"]

1.d4 Nf6 2.c4 g6 3.Nc3 Bg7 4.e4 d6 5.Be2 O-O 6.Nf3 e5 7.O-O Nbd7 8.d5 Nc5
9.Qc2 a5 10.Bg5 h6 11.Be3 Nh5 12.g3 b6 13.Ne1  1/2-1/2

[Event "Dortmund op"]
[Site "Dortmund"]
[Date "1991.??.??"]
[Round "8"]
[White "Nickl, Klaus"]
[Black "Gik, Evgeny"]
[Result "0-1"]
[WhiteElo "2225"]
[BlackElo "2375"]

1.d4 Nf6 2.c4 g6 3.Nc3 Bg7 4.e4 d6 5.Nf3 O-O 6.Be2 e5 7.dxe5 dxe5 8.Qxd8 Rxd8
9.Bg5 Re8 10.O-O-O h6 11.Bh4 Na6 12.Nd2 c6 13.f3 Nh5 14.Bf2 Nf4 15.Bf1 Ne6
16.Nb3 b6 17.a3 Nac5 18.Nxc5 bxc5 19.Na4 Bf8 20.Bd3 Rb8 21.Bc2 Be7 22.h4 Nd4
23.Rd3 Be6 24.b3 Red8 25.Rhd1 h5 26.g3 Kg7 27.Be1 f5 28.Ba5 Rd7 29.Re3 fxe4
30.fxe4 Rf8 31.Kb2 Bd6 32.Kc3 Rf2 33.Rd2 Rdf7 34.Kd3 Bh3 35.Rxf2 Rxf2 36.Bd2 Bg4
37.Kc3 Be7 38.Nb2 Rg2 39.Nd3 Ne2+ 40.Kb2 Nd4 41.Kc3 Kf6 42.Nc1 Ke6 43.Bd3 g5
44.Be1 a5 45.Bf1 Rc2+  0-1

[Event "Telecom op"]
[Site "Dublin"]
[Date "1991.??.??"]
[Round "?"]
[White "Wells, Peter K"]
[Black "Durao, Joaquim"]
[Result "1-0"]
[WhiteElo "2460"]
[BlackElo "2235"]

1.d4 Nf6 2.c4 g6 3.Nc3 Bg7 4.e4 d6 5.Be2 O-O 6.Nf3 e5 7.Be3 Nbd7 8.O-O a5
9.Qc2 c6 10.Rfd1 Qe7 11.dxe5 dxe5 12.Na4 Ng4 13.Bg5 f6 14.Bd2 Nc5 15.Nb6 Ra6
16.Nxc8 Rxc8 17.h3 Nh6 18.Be3 Raa8 19.a3 a4 20.Bxc5 Qxc5 21.Rd7 b6 22.Rad1 Nf7
23.Ne1 Nd8 24.Nd3 Qf8 25.c5 b5 26.Nb4 Qe8 27.R7d6 Nf7 28.Rxc6 Rxc6 29.Bxb5 Rd8
30.Nxc6 Rxd1+ 31.Qxd1 Bf8 32.Qd5  1-0

[Event "Eger op"]
[Site "Eger"]
[Date "1991.??.??"]
[Round "?"]
[White "Kecskes, Gabor"]
[Black "Eklund, Lars Goran"]
[Result "0-1"]
[WhiteElo "2255"]
[BlackElo "2285"]

1.d4 Nf6 2.c4 d6 3.Nf3 Nbd7 4.Nc3 e5 5.e4 g6 6.Be2 Bg7 7.O-O O-O 8.Re1 Re8
9.Bf1 exd4 10.Nxd4 Nc5 11.f3 Be6 12.Bf4 Nfd7 13.Qd2 Ne5 14.b3 Qf6 15.Ndb5 Qd8
16.Bg5 Qd7 17.f4 Nc6 18.f5 gxf5 19.exf5 Bxf5 20.Rxe8+ Rxe8 21.Re1 Rxe1 22.Qxe1 a6
23.Nxc7 Bxc3 24.Qxc3 Ne4 25.Qe3 Qxc7 26.h4 f6 27.Bf4 Ne5  0-1

[Event "Eger op"]
[Site "Eger"]
[Date "1991.??.??"]
[Round "?"]
[White "Eklund, Lars Goran"]
[Black "Seres, Lajos"]
[Result "1-0"]
[WhiteElo "2285"]
[BlackElo "2270"]

1.Nf3 Nf6 2.c4 g6 3.Nc3 Bg7 4.e4 d6 5.d4 O-O 6.Be2 e5 7.dxe5 dxe5 8.Qxd8 Rxd8
9.Bg5 c6 10.Nxe5 Re8 11.O-O-O Na6 12.f4 Nc5 13.Bf3 Be6 14.Bh4 Nh5 15.Bxh5 gxh5
16.Bf2 Bxe5 17.fxe5 Nd7 18.Bg3 Bg4 19.Rd6 Nxe5 20.h3  1-0

[Event "Elgoibar"]
[Site "Elgoibar"]
[Date "1991.??.??"]
[Round "7"]
[White "Franco Ocampo, Zenon"]
[Black "Ubilava, Elizbar"]
[Result "1-0"]
[WhiteElo "2495"]
[BlackElo "2535"]

1.Nf3 Nf6 2.c4 g6 3.Nc3 Bg7 4.e4 d6 5.d4 O-O 6.Be2 e5 7.d5 Na6 8.Nd2 h5 9.a3 Nh7
10.b4 f5 11.Nb3 Nb8 12.c5 Nd7 13.c6 bxc6 14.Na5 Ndf6 15.Nxc6 Qe8 16.Nb5 Qf7
17.exf5 Bxf5 18.O-O a6 19.Nc3 e4 20.Be3 Ng4 21.Bd4 Rfe8 22.Bxg7 Qxg7 23.Bxg4 Bxg4
24.Qd4 Nf6 25.a4 Bf5 26.b5 a5 27.b6 cxb6 28.Nb5 Rf8 29.Nxd6 Qd7 30.Nc4 Rae8
31.Nxb6 Qd6 32.Nc4 Qxd5 33.N4xa5 Bg4 34.Rfe1 Qg5 35.Qe3 Qf5 36.Nb3 Nd5 37.Qg3 Nf4
38.Nbd4 Qf6 39.Qb3+ Kh8 40.Qc3 Bd7 41.Nb4 h4 42.Kh1 h3 43.g3 Nd3 44.Nd5 Nxf2+
45.Kg1  1-0

[Event "NLD-ch sf"]
[Site "Enschede"]
[Date "1991.??.??"]
[Round "1"]
[White "Klarenbeek, Hans"]
[Black "Los, Sander"]
[Result "1-0"]
[WhiteElo "2370"]
[BlackElo "2345"]

1.d4 Nf6 2.Nf3 g6 3.c4 Bg7 4.Nc3 O-O 5.e4 d6 6.Be2 e5 7.O-O Nbd7 8.Qc2 c6
9.Rd1 exd4 10.Nxd4 Re8 11.Bg5 h6 12.Bh4 a6 13.Rac1 Qb6 14.Nb3 Qc7 15.Bg3 Ne5
16.Qd2 Bg4 17.f3 Be6 18.c5 dxc5 19.Nxc5 Qe7 20.Nxe6 Qxe6 21.Qd6 Qxd6 22.Rxd6 Nh5
23.f4  1-0

[Event "Festuge op"]
[Site "Festuge"]
[Date "1991.??.??"]
[Round "?"]
[White "Jakobsen, Peter"]
[Black "Mortensen, Erling"]
[Result "0-1"]
[WhiteElo "2330"]
[BlackElo "2450"]

1.d4 Nf6 2.c4 g6 3.Nc3 Bg7 4.e4 d6 5.Nf3 O-O 6.Be2 e5 7.d5 a5 8.O-O Na6 9.Be3 Ng4
10.Bd2 f5 11.Ne1 Nf6 12.exf5 Bxf5 13.g4 Bd7 14.g5 Nh5 15.Bxh5 gxh5 16.Qxh5 Bf5
17.Be3 Qd7 18.f3 Rf7 19.Rd1 Raf8 20.Rf2 e4 21.Nxe4 Qe7 22.Qh4 Re8 23.Ng2 Bxe4
24.fxe4 Qxe4 25.Rxf7 Kxf7 26.Rf1+ Kg8 27.Qxe4 Rxe4 28.b3 Nb4 29.Rf2 a4 30.Rd2 a3
31.Kf2 Bb2 32.Kf3 Re7 33.Ne1 Nxa2 34.Nd3 Nc1 35.Nb4 Nxb3 36.Rc2 Bd4 37.Bd2 Bc5
38.Ra2 Nxd2+  0-1

[Event "Festuge op"]
[Site "Festuge"]
[Date "1991.??.??"]
[Round "?"]
[White "Nielsen, Peter Heine"]
[Black "Kjeldsen, Jens"]
[Result "1/2-1/2"]
[WhiteElo "2365"]
[BlackElo "2305"]

1.d4 Nf6 2.c4 g6 3.Nc3 Bg7 4.e4 d6 5.Be2 O-O 6.Nf3 e5 7.Be3 Na6 8.O-O c6
9.dxe5 dxe5 10.Qxd8 Rxd8 11.Rfd1 Re8 12.h3 Nd7 13.a3 Ndc5 14.b4 Ne6 15.c5 Nac7
16.Bc4 f5 17.Re1 Bf6 18.Bd2 Kg7 19.exf5 gxf5 20.Nxe5 Nd4 21.Nd3 Ne2+ 22.Nxe2 Bxa1
23.Ndf4 Bb2 24.Rb1 Be5 25.Nh5+ Kh8 26.f4 Bg7 27.Nxg7 Kxg7 28.Bc3+ Kg6 29.Be5 Be6
30.Bd3 Rad8 31.Nd4 Nb5 32.Bxb5 cxb5 33.Nxb5 Rd2 34.Nd6 Rg8 35.Rb2 Rd1+ 36.Kf2 Kh5
37.Rc2 Bd5 38.g3 Rh1 39.Rc3 Rh2+ 40.Ke1 Rxh3 41.Nxf5  1/2-1/2

[Event "Festuge op"]
[Site "Festuge"]
[Date "1991.??.??"]
[Round "?"]
[White "Nielsen, Peter Heine"]
[Black "Mortensen, Erling"]
[Result "0-1"]
[WhiteElo "2365"]
[BlackElo "2450"]

1.d4 Nf6 2.c4 g6 3.Nc3 Bg7 4.e4 d6 5.Nf3 O-O 6.Be2 e5 7.Be3 Ng4 8.Bg5 f6
9.Bh4 g5 10.Bg3 Nh6 11.c5 Nc6 12.cxd6 cxd6 13.dxe5 dxe5 14.O-O Be6 15.Qa4 Nf7
16.Rfd1 Qe8 17.h3 h5 18.Bb5 h4 19.Bh2 a6 20.Bxc6 bxc6 21.Nd2 g4 22.hxg4 Bxg4
23.Re1 Ng5 24.Nc4 h3 25.Ne3 Be6 26.Nf5 Ra7 27.Qd1 Nxe4 28.Nxg7 Qg6 29.Qf3 Ng5
30.Qe3 Rxg7 31.f4 Nf7 32.g3 Nh6 33.Ne2 Ng4  0-1

[Event "FIN-chT"]
[Site "FIN"]
[Date "1991.??.??"]
[Round "?"]
[White "Luik, Helmuth"]
[Black "Manninen, Marko"]
[Result "0-1"]
[WhiteElo "2325"]
[BlackElo "2310"]

1.d4 Nf6 2.Nf3 g6 3.c4 Bg7 4.Nc3 O-O 5.e4 d6 6.Be2 e5 7.O-O Na6 8.dxe5 dxe5
9.Qxd8 Rxd8 10.Bg5 Re8 11.Rad1 h6 12.Be3 c6 13.h3 Nh5 14.Rfe1 Nf4 15.Bf1 Ne6
16.g3 b6 17.Na4 Nb4 18.a3 Nc2 19.Re2 Ncd4 20.Bxd4 exd4 21.b4 c5 22.b5 Bb7
23.Bg2 Nf8 24.Ne1 Nd7 25.Nb2 a6 26.a4 axb5 27.axb5 f5 28.f3 fxe4 29.fxe4 Ra2
30.Rdd2 Ne5 31.Ned3 g5 32.Kh2 Nxd3 33.Rxd3 Be5 34.Bf3 Kg7 35.Kg2 Rea8 36.Red2 Bc7
37.Nd1 Rxd2+ 38.Rxd2 Ra3 39.Nf2 Rc3 40.Nd3 h5 41.e5 Bxf3+ 42.Kxf3 Bxe5 43.Ke4 Bxg3
44.Rg2 h4 45.Nb2 g4 46.hxg4 h3  0-1

[Event "FIN-chT"]
[Site "FIN"]
[Date "1991.??.??"]
[Round "?"]
[White "Norri, Joose"]
[Black "Yrjola, Jouni"]
[Result "0-1"]
[WhiteElo "2325"]
[BlackElo "2505"]

1.d4 Nf6 2.c4 g6 3.Nc3 Bg7 4.e4 O-O 5.Be2 d6 6.Nf3 e5 7.O-O Na6 8.Be3 c6
9.dxe5 dxe5 10.Nd2 Qe7 11.a3 Nc5 12.b4 Ne6 13.c5 Rd8 14.Bc4 Nd4 15.Bg5 h6
16.Bh4 Ne6 17.Ra2 Bd7 18.Qb1 g5 19.Bg3 Nh5 20.Rd1 Nhf4 21.Bf1 Nd4 22.Nc4 Be6
23.Rad2 Rab8 24.Ne3 h5 25.f3 h4 26.Be1 h3 27.Rf2 hxg2 28.Bxg2 Qf6 29.Ng4 Qg6
30.h3 Qh5 31.Kh2 Nxf3+ 32.Rxf3 Bxg4 33.Rxd8+ Rxd8 34.Rg3 Bxh3 35.Bxh3 g4  0-1

[Event "Forli op"]
[Site "Forli"]
[Date "1991.??.??"]
[Round "2"]
[White "Vezzosi, Paolo"]
[Black "Mauro, Alan"]
[Result "1/2-1/2"]
[WhiteElo "2325"]
[BlackElo "2255"]

1.d4 Nf6 2.c4 g6 3.Nc3 Bg7 4.e4 d6 5.Nf3 O-O 6.Be3 e5 7.Be2 exd4 8.Nxd4 Re8
9.Qc2 Nc6 10.Nxc6 bxc6 11.O-O Ng4 12.Bxg4 Bxg4 13.Qd2 Be6 14.b3 Qh4 15.Rae1 f5
16.Bd4 Bh6 17.f4 c5 18.g3 Qd8 19.Bf2 Bg7 20.exf5 Bxf5 21.Qd5+ Kh8 22.Rxe8+ Qxe8
23.Re1 Qc8 24.Ne4 h6 25.h4 Qf8 26.h5 gxh5 27.Kh2 Re8 28.Nxd6 Rxe1 29.Nf7+ Kg8
30.Ne5+ Kh7 31.Bxe1 Qf6 32.Qxc5 Bb1 33.Qxa7 Qf5 34.Qf2 Bxe5 35.fxe5 Qxf2+
36.Bxf2 Bxa2  1/2-1/2

[Event "FRA-chT"]
[Site "FRA"]
[Date "1991.??.??"]
[Round "?"]
[White "Stromer, Alexander"]
[Black "Petit, Eric"]
[Result "0-1"]
[WhiteElo "2240"]
[BlackElo "2205"]

1.d4 Nf6 2.Nf3 g6 3.c4 Bg7 4.Nc3 d6 5.e4 O-O 6.Be2 e5 7.Be3 Ng4 8.Bg5 f6
9.Bc1 Nh6 10.O-O Nd7 11.Rb1 Nf7 12.b4 a5 13.a3 axb4 14.axb4 exd4 15.Nxd4 Re8
16.Be3 Nf8 17.c5 Ne6 18.Bc4 Nxd4 19.Bxd4 Kf8 20.f4 f5 21.Bxg7+ Kxg7 22.Qd4+ Kf8
23.Rbd1 Ra3 24.e5 dxe5 25.Qf2 Rxc3 26.Bxf7 Kxf7 27.Rxd8 Rxd8 28.fxe5 Rc4
29.Re1 Be6 30.h3 Rxb4 31.g4 Rdd4 32.Qh4 Rxg4+ 33.hxg4 Rxg4+ 34.Qxg4 fxg4
35.Rb1 Bd5 36.Kf2 Ke6 37.Re1 h5 38.Re3 g5 39.Kg3 Bf3 40.Re1 h4+ 41.Kf2 Bc6
42.Re3 g3+ 43.Kg1 g4  0-1

[Event "FRA-chT"]
[Site "FRA"]
[Date "1991.??.??"]
[Round "?"]
[White "Bernard, Christophe"]
[Black "Ladisic, Alex Sacha"]
[Result "1-0"]
[WhiteElo "2310"]
[BlackElo "2140"]

1.d4 Nf6 2.Nf3 g6 3.c4 Bg7 4.Nc3 O-O 5.e4 d6 6.Be2 e5 7.O-O exd4 8.Nxd4 Re8
9.f3 Nh5 10.g4 Qf6 11.Ndb5 Nf4 12.Nxc7 Re5 13.Nxa8 Nc6 14.Nc7 Rh5 15.N7d5 Qh4
16.gxh5 Bh3 17.Qe1 Bd4+ 18.Kh1  1-0

[Event "FRA-chT"]
[Site "FRA"]
[Date "1991.??.??"]
[Round "?"]
[White "Pinter, Jozsef"]
[Black "Dufrenoy, M."]
[Result "1-0"]
[WhiteElo "2565"]
[BlackElo "2100"]

1.d4 Nf6 2.c4 g6 3.Nc3 Bg7 4.e4 d6 5.Be2 O-O 6.Nf3 e5 7.O-O Na6 8.Re1 c6
9.Rb1 Qe7 10.Bf1 Bg4 11.d5 c5 12.a3 h6 13.h3 Bd7 14.g3 Kh7 15.Nh4 Ng8 16.Kh2 b6
17.Bd2 Rab8 18.b4 Nc7 19.Qc2 h5 20.Ng2 Bh6 21.Rb2 Bxd2 22.Qxd2 Rfc8 23.bxc5 bxc5
24.Reb1 Na6 25.Rb7 Rxb7 26.Rxb7 Rc7 27.Rb3 Bc8 28.Qb2 Rb7 29.Rb5 Nb8 30.Rxb7 Bxb7
31.Qb5 Qc7 32.Qe8 Nf6 33.Qf8 a6 34.Nh4 Ng8 35.Nf3 f6 36.Nh4 Bc8 37.Nxg6  1-0

[Event "FRA-chT"]
[Site "FRA"]
[Date "1991.??.??"]
[Round "?"]
[White "Andruet, Gilles"]
[Black "Gouret, Thierry"]
[Result "1-0"]
[WhiteElo "2375"]
[BlackElo "2205"]

1.d4 Nf6 2.Nf3 g6 3.c4 Bg7 4.Nc3 O-O 5.e4 d6 6.Be2 e5 7.Be3 Nc6 8.d5 Ne7
9.Nd2 c5 10.g4 Bd7 11.h4 Qc8 12.Rg1 Ne8 13.g5 f5 14.gxf6 Nxf6 15.h5 a6 16.a4 Qe8
17.hxg6 Nxg6 18.Qb3 Qe7 19.O-O-O Rab8 20.Bg5 Nf4 21.Rg3 Kh8 22.Qb6 Bxa4 23.Rdg1 Nxe2+
24.Nxe2 Qd8 25.Qxd8 Rbxd8 26.f4 exf4 27.Nxf4 Bd7 28.Rh1 Rf7 29.e5 dxe5 30.Ng6+ Kg8
31.Nxe5 Bf5 32.Nxf7 Kxf7 33.Rf1 Bg6 34.Rgf3 Rd6 35.b4 b6 36.bxc5 bxc5 37.Nb3 Bh5
38.Rg3 Be2 39.Rf4 h6 40.Bh4 h5 41.Nxc5  1-0

[Event "FRA-chT"]
[Site "FRA"]
[Date "1991.??.??"]
[Round "?"]
[White "Gachon, Lionel"]
[Black "Ladisic, Alex Sacha"]
[Result "1-0"]
[WhiteElo "2280"]
[BlackElo "2140"]

1.d4 Nf6 2.Nf3 g6 3.c4 Bg7 4.Nc3 O-O 5.e4 d6 6.Be2 e5 7.d5 a5 8.Bg5 h6 9.Bh4 Na6
10.Nd2 Qe8 11.a3 Bd7 12.b3 Nh7 13.O-O Qc8 14.f3 f5 15.Rb1 g5 16.Bf2 f4 17.b4 axb4
18.axb4 Bf6 19.c5 Be7 20.c6 Be8 21.Ra1 Bf7 22.Qa4 Nxb4 23.Qxb4 b6 24.Nb5 Rxa1
25.Rxa1  1-0

[Event "FRA-chT"]
[Site "FRA"]
[Date "1991.??.??"]
[Round "?"]
[White "Bernard, Christophe"]
[Black "Sharif, Mershad"]
[Result "1/2-1/2"]
[WhiteElo "2310"]
[BlackElo "2415"]

1.Nf3 Nf6 2.c4 g6 3.d4 Bg7 4.Nc3 O-O 5.e4 d6 6.Be2 e5 7.O-O Na6 8.Re1 c6
9.Bf1 Bg4 10.Be3 Bxf3 11.Qxf3 Ng4 12.Qxg4 exd4 13.Bg5 f6 14.Bd2 dxc3 15.Bxc3 f5
16.Qh3 Bxc3 17.Qxc3 fxe4 18.Rxe4 Qb6 19.Qd4  1/2-1/2

[Event "FRA-ch"]
[Site "FRA"]
[Date "1991.??.??"]
[Round "12"]
[White "Haik, Aldo"]
[Black "Spassky, Boris V"]
[Result "1/2-1/2"]
[WhiteElo "2435"]
[BlackElo "2550"]

1.d4 Nf6 2.Nf3 g6 3.c4 Bg7 4.Nc3 O-O 5.e4 d6 6.Be2 e5 7.dxe5 dxe5 8.Qxd8 Rxd8
9.Bg5 Re8 10.O-O-O Na6 11.Nxe5 Nc5 12.Bxf6 Bxf6 13.f4 c6 14.b4 Bxe5 15.fxe5 Nd7
16.e6 Rxe6 17.Bg4 Re7 18.b5 Kg7 19.bxc6 bxc6 20.Bxd7 Bxd7 21.Rd6 Rc8 22.Kd2 Be6
23.Kd3 Kf6 24.Rb1 Ke5 25.c5 Rcc7 26.Ke3 Red7 27.Rbd1 h5 28.Ne2 Rxd6 29.Rxd6 Bxa2
30.Nd4 Be6 31.Rxc6 Rb7 32.Ra6 Rb2 33.g3 Rb1 34.Nf3+ Kf6 35.Rxa7 Rc1 36.Rc7 g5
37.Nd4 Bh3 38.Rc6+ Ke7 39.Ne2 Re1 40.Kd2 Rh1 41.Rh6 Rxh2 42.Ke3 Be6 43.Nd4 h4
44.Nxe6 fxe6 45.gxh4 gxh4 46.Kd4 Kd7 47.Ke5 Kc6 48.Kxe6 Kxc5 49.e5 h3 50.Ke7  1/2-1/2

[Event "ISL-ch"]
[Site "Gardabaer"]
[Date "1991.??.??"]
[Round "1"]
[White "Steingrimsson, Hedinn"]
[Black "Einarsson, Halldor"]
[Result "1-0"]
[WhiteElo "2505"]
[BlackElo "2320"]

1.c4 Nf6 2.Nc3 g6 3.e4 d6 4.d4 Bg7 5.Be2 O-O 6.Nf3 Nbd7 7.O-O e5 8.Qc2 c6
9.Rd1 Qe7 10.Rb1 exd4 11.Nxd4 Nc5 12.f3 Nh5 13.g4 Nf6 14.Bg5 Ne6 15.Bh4 Nxd4
16.Rxd4 Qc7 17.Rd2 Ne8 18.Kh1 Be5 19.Rf1 Bf4 20.Rdd1 Ng7 21.Bd3 f5 22.exf5 gxf5
23.Ne2 Be5 24.f4 Bf6 25.Bxf6 Rxf6 26.g5 Rf8 27.Rf3 b5 28.cxb5 Bb7 29.Bc4+ Kh8
30.Bd5 c5 31.Nc3 Ne6 32.Qf2 Rae8 33.Rh3 Qg7 34.Rh6 Nd4 35.Bxb7 Qxb7+ 36.Qg2 Qxg2+
37.Kxg2 Re6 38.Rxe6 Nxe6 39.Nd5 Kg7 40.Kg3 Nd4 41.Re1 Nxb5 42.h4 Nd4 43.h5 a5
44.h6+ Kg6 45.Re7 Rf7 46.Re8  1-0

[Event "ISL-ch"]
[Site "Gardabaer"]
[Date "1991.??.??"]
[Round "8"]
[White "Olafsson, Helgi"]
[Black "Einarsson, Halldor"]
[Result "1-0"]
[WhiteElo "2595"]
[BlackElo "2320"]

1.c4 Nf6 2.Nc3 g6 3.e4 d6 4.d4 Bg7 5.Be2 O-O 6.Nf3 Nbd7 7.O-O e5 8.Be3 c6
9.d5 c5 10.Ne1 Ne8 11.Nd3 f5 12.f4 g5 13.fxe5 Nxe5 14.Nxe5 Bxe5 15.exf5 Bxf5
16.g4 Bg6 17.Rxf8+ Kxf8 18.Qd2 h6 19.h4 gxh4 20.Bxh6+ Kg8 21.Rf1 h3 22.Bd3 Bf7
23.g5 Ng7 24.Qe2 Qe8 25.Qe4 Bd4+ 26.Kh2 Qxe4 27.Nxe4 Bg6 28.Nf6+ Bxf6 29.Bxg6 Bxb2
30.Kxh3 Be5 31.Kg4 Rb8 32.Bf7+ Kh8 33.Rh1 b5 34.g6  1-0

[Event "Troll Masters"]
[Site "Gausdal"]
[Date "1991.??.??"]
[Round "2"]
[White "Shirov, Alexei"]
[Black "Djurhuus, Rune"]
[Result "1-0"]
[WhiteElo "2615"]
[BlackElo "2400"]

1.d4 Nf6 2.c4 d6 3.Nc3 Nbd7 4.Nf3 e5 5.e4 g6 6.Be2 Bg7 7.O-O O-O 8.Be3 a5
9.dxe5 dxe5 10.Nd2 b6 11.Qa4 Bb7 12.Rfd1 Qe7 13.Nd5 Nxd5 14.cxd5 f5 15.f3 Kh8
16.Rac1 Rac8 17.Nc4 fxe4 18.fxe4 Nc5 19.Qa3 Qh4 20.Bxc5 bxc5 21.Bf3 Bh6 22.Rc2 Ba6
23.Nxe5 Bf4 24.g3 Qg5 25.Ng4 Be3+ 26.Qxe3 Qxe3+ 27.Nxe3 Rxf3 28.Ng4 Rcf8
29.Rf2 Kg7 30.Rxf3 Rxf3 31.Rc1 h5 32.Nf2 c4 33.Re1 Rf8 34.Nd1 a4 35.a3 Rb8
36.e5 Bc8 37.e6 Bb7 38.Nc3 Kf6 39.Rf1+ Ke5 40.e7 Re8 41.Re1+ Kf5 42.Nb5  1-0

[Event "Peer Gynt"]
[Site "Gausdal"]
[Date "1991.??.??"]
[Round "3"]
[White "Barkhagen, Jonas"]
[Black "Chekhov, Valery A"]
[Result "0-1"]
[WhiteElo "2360"]
[BlackElo "2525"]

1.d4 Nf6 2.c4 g6 3.Nc3 Bg7 4.e4 d6 5.Be2 O-O 6.Nf3 e5 7.O-O Na6 8.Be3 Ng4
9.Bg5 Qe8 10.h3 h6 11.Bc1 Nf6 12.dxe5 dxe5 13.Be3 Nd7 14.a3 f5 15.b4 f4 16.Bc1 c6
17.c5 Kh7 18.Nd2 Nc7 19.Nc4 Ne6 20.Nd6 Qe7 21.Bg4 Nf6 22.Nxc8 Raxc8 23.Bxe6 Qxe6
24.Rb1 Rcd8 25.Qb3 Qxb3 26.Rxb3 Rd3 27.Rd1 Rfd8 28.Rxd3 Rxd3 29.f3 Nh5 30.a4 Ng3
31.Bb2 Bf6 32.Ra3 Be7 33.Ra1 a5 34.bxa5 Bxc5+ 35.Kh2 Bd4 36.Rc1 Kg7 37.Nd1 h5
38.Bxd4 exd4 39.Rb1 Kf6 40.Nf2 Rd2 41.Kg1 Ra2 42.Rxb7 Rxa4 43.Rb6 Rxa5 44.Rxc6+ Ke7
45.h4 Ra1+ 46.Kh2 Rf1 47.Rc2 d3 48.Rd2 Rxf2  0-1

[Event "Gausdal Int"]
[Site "Gausdal"]
[Date "1991.??.??"]
[Round "3"]
[White "Dannevig, Oystein"]
[Black "Vladimirov, Evgeny"]
[Result "0-1"]
[WhiteElo "2270"]
[BlackElo "2580"]

1.d4 Nf6 2.c4 g6 3.Nc3 Bg7 4.e4 d6 5.Nf3 O-O 6.Be2 e5 7.Be3 exd4 8.Nxd4 Re8
9.f3 c6 10.Nc2 d5 11.cxd5 cxd5 12.exd5 Bf5 13.Bf2 Nh5 14.O-O Qg5 15.Bb5 Nd7
16.Ne4 Rxe4 17.fxe4 Bxe4 18.Bg3 Nxg3 19.hxg3 Bxc2 20.Qxc2 Bd4+ 21.Rf2 Nf6
22.Be2 Qxg3 23.Bf3 Re8 24.Rd1 Bb6 25.a4 Re3 26.a5 Bxa5 27.Qc8+ Kg7 28.Qh3 Qe5
29.g4 Ne4 30.Re2 Ng5  0-1

[Event "Troll Masters"]
[Site "Gausdal"]
[Date "1991.??.??"]
[Round "3"]
[White "Burgess, Graham"]
[Black "Winsnes, Rikard"]
[Result "1/2-1/2"]
[WhiteElo "2300"]
[BlackElo "2330"]

1.d4 Nf6 2.c4 g6 3.Nc3 Bg7 4.e4 d6 5.Nf3 O-O 6.Be2 e5 7.O-O Nbd7 8.Bg5 h6
9.Bh4 g5 10.dxe5 gxh4 11.exf6 Nxf6 12.e5 dxe5 13.Nxh4 Qe7 14.Bd3 e4 15.Re1 Ng4
16.g3 Nxf2 17.Kxf2 Qc5+ 18.Kg2 exd3 19.Qxd3 Be6 20.b3 Rad8 21.Qc2 Qc6+ 22.Nf3 Bg4
23.Rf1 Rfe8 24.Rad1 Rxd1 25.Nxd1 Re1 26.Qd3 Rxf1 27.Qxf1 Qe4 28.h3 Qc2+ 29.Nf2 Bf5
30.g4 Be4 31.Kg3 Bxf3 32.Kxf3 Bd4 33.Qe2 Qc3+ 34.Qd3 Qa1 35.Nd1 Bf6 36.a4 Bg5
37.Nf2 Bh4  1/2-1/2

[Event "Gausdal Int"]
[Site "Gausdal"]
[Date "1991.??.??"]
[Round "4"]
[White "Tisdall, Jonathan D"]
[Black "Remlinger, Larry"]
[Result "1-0"]
[WhiteElo "2435"]
[BlackElo "2370"]

1.d4 Nf6 2.c4 g6 3.Nc3 Bg7 4.e4 d6 5.Be2 O-O 6.Nf3 e5 7.Be3 exd4 8.Nxd4 Re8
9.f3 c6 10.Nc2 d5 11.cxd5 cxd5 12.exd5 Bf5 13.Bf2 Bxc2 14.Qxc2 Nxd5 15.Nxd5 Qxd5
16.O-O Nc6 17.Bc4 Nd4 18.Bxd5 Nxc2 19.Rac1 Ne3 20.Bxe3 Rxe3 21.Rc7 Bxb2 22.Rxf7 Kh8
23.Rxb7 Bd4 24.Kh1 Rd8 25.Bb3 Bb6 26.h3 Rde8 27.Rd1 Re1+ 28.Rxe1 Rxe1+ 29.Kh2 Rc1
30.h4 Rc7 31.Rb8+ Kg7 32.g3 h6 33.Re8 Bd4 34.Re6 Bf6 35.Kh3 h5 36.Ra6 Bd4
37.Re6 Bf6 38.Bd5 Re7 39.Rc6 Rd7 40.Be4 Re7 41.Ra6 Rc7 42.a4 Re7 43.Kg2 Kf7
44.Kf2 Kg7 45.Ke3 Rc7 46.f4 Kf7 47.Kf3 Rc3+ 48.Kg2 Rc7 49.f5 gxf5 50.Bxf5 Re7
51.Kf3 Rc7 52.Kf4 Re7 53.Bc2 Be5+ 54.Kf3 Rc7 55.Bg6+ Ke7 56.g4 hxg4+ 57.Kxg4 Bf6
58.h5 Rc4+ 59.Kf5 Rc5+ 60.Ke4 Rc4+ 61.Kd5 Rd4+ 62.Kc5 Rd7 63.h6 Bd4+ 64.Kc4 Kf8
65.Bf5 Rd8 66.Be6 Bb6 67.a5 Bg1 68.Bd5 Rc8+ 69.Kd3 Ke7 70.Re6+ Kd7 71.Rg6 Rc5
72.Ke4 Bh2 73.h7  1-0

[Event "Gausdal Int"]
[Site "Gausdal"]
[Date "1991.??.??"]
[Round "4"]
[White "Vladimirov, Evgeny"]
[Black "Kochyev, Alexander"]
[Result "1-0"]
[WhiteElo "2580"]
[BlackElo "2485"]

1.d4 Nf6 2.c4 g6 3.Nc3 Bg7 4.e4 d6 5.Be2 O-O 6.Nf3 e5 7.O-O Na6 8.Be3 Ng4
9.Bg5 Qe8 10.dxe5 dxe5 11.h3 h6 12.Bc1 Nf6 13.Be3 Nd7 14.Nb5 f5 15.Re1 f4
16.Bc1 Qe7 17.b3 Ndc5 18.Ba3 Kh7 19.Qc2 c6 20.Rad1 Be6 21.Nc3 Bf7 22.Na4 Rfd8
23.Nb2 Rxd1 24.Rxd1 Rd8 25.Nd3 b6 26.Nfe1 Qc7 27.Bb2 Nxd3 28.Nxd3 Qe7 29.Bc3 Re8
30.Qb2 Bg8 31.c5 Nb8 32.a4 bxc5 33.Rc1 Nd7 34.Bg4 Nf6 35.Bf3 Nd7 36.Bg4 Nf6
37.Bxe5 Nxg4 38.Bxg7 Nxf2 39.Qxf2 Qxg7 40.Nxc5 g5 41.Rd1 Re7 42.Qd2 Bf7 43.Qd8 Be8
44.b4 Qe5 45.Qd6 h5 46.a5 Kg7 47.Qxe5+ Rxe5 48.Rd6 g4 49.h4 Bg6 50.Rxc6 Kf7
51.Rc7+ Re7 52.Rxe7+ Kxe7 53.b5 Kd6 54.b6 axb6 55.axb6 Bf7 56.e5+ Kc6 57.b7 Kc7
58.e6 Be8 59.e7  1-0

[Event "Peer Gynt"]
[Site "Gausdal"]
[Date "1991.??.??"]
[Round "5"]
[White "Holmsgaard, Henrik"]
[Black "Remlinger, Larry"]
[Result "0-1"]
[WhiteElo "2295"]
[BlackElo "2370"]

1.Nf3 Nf6 2.c4 g6 3.Nc3 Bg7 4.e4 d6 5.d4 O-O 6.Be2 e5 7.O-O exd4 8.Nxd4 Re8
9.Bf3 Nbd7 10.Re1 Ne5 11.Be2 Nc6 12.Nxc6 bxc6 13.Bf1 a5 14.Bf4 Nd7 15.Qc2 Qf6
16.Be3 Ne5 17.Rad1 Be6 18.c5 dxc5 19.Na4 Ng4 20.Bxc5 Qe5 21.g3 Rad8 22.f3 Nf6
23.Bf2 g5 24.Nc5 Rxd1 25.Rxd1 Bc8 26.Bc4 Qe7 27.Nd3 Nd7 28.Re1 Qf6 29.Qd1 Nb6
30.Bb3 Rd8 31.Qe2 Ba6 32.Bc2 Nc4 33.e5 Nxe5 34.Qxe5 Bxd3 35.Qxf6 Bxf6 36.Bb3 Bg6
37.Bc5 Bxb2 38.Re7 Bd4+ 39.Bxd4 Rxd4 40.Rxc7 a4  0-1

[Event "Arnold Cup"]
[Site "Gausdal"]
[Date "1991.??.??"]
[Round "6"]
[White "Ostenstad, Berge"]
[Black "Manninen, Marko"]
[Result "1-0"]
[WhiteElo "2500"]
[BlackElo "2320"]

1.Nf3 Nf6 2.c4 g6 3.Nc3 Bg7 4.e4 d6 5.d4 O-O 6.Be2 e5 7.O-O c6 8.d5 Na6 9.Rb1 Nc5
10.Bg5 a5 11.Nd2 h6 12.Be3 Qe7 13.a3 cxd5 14.cxd5 Bd7 15.Bxc5 dxc5 16.a4 Ne8
17.Bb5 Nd6 18.Bxd7 Qxd7 19.Qe2 Ra6 20.Nc4 Re8 21.Nxd6 Rxd6 22.Nb5 Rf6 23.Rfd1 Bf8
24.Rbc1 b6 25.Nc3 Bd6 26.Qb5 Qd8 27.Qc4 Kg7 28.Rd3 h5 29.Re1 g5 30.Nd1 Qd7
31.Ne3 Rh8 32.Rb3 Rb8 33.h3 h4 34.Rb5 Rf4 35.Qc2 Bc7 36.Rd1 Bd6 37.Nc4 Qd8
38.g3 Rf6 39.Qe2 Qd7 40.Kg2 hxg3 41.fxg3 Rh6 42.Rh1 f5 43.Nxb6 Qf7 44.Nc4 Rxb5
45.axb5 fxe4 46.Rf1 Qd7 47.Qg4 Qxg4 48.hxg4 Bc7 49.Rf5 Rg6 50.Kf2 Bd8 51.Ke3 Rh6
52.Kxe4  1-0

[Event "Peer Gynt"]
[Site "Gausdal"]
[Date "1991.??.??"]
[Round "6"]
[White "Khenkin, Igor"]
[Black "Kotronias, Vasilios"]
[Result "0-1"]
[WhiteElo "2495"]
[BlackElo "2550"]

1.d4 Nf6 2.Nf3 g6 3.c4 Bg7 4.Nc3 O-O 5.e4 d6 6.Be2 e5 7.d5 a5 8.Be3 Ng4 9.Bg5 f6
10.Bh4 Bd7 11.Nd2 Nh6 12.O-O Nf7 13.Qc2 Qe8 14.b3 Na6 15.a3 f5 16.exf5 gxf5
17.Bh5 e4 18.f4 Nc5 19.Rae1 b5 20.Re2 b4 21.axb4 axb4 22.Na2 Qb8 23.Kh1 c6
24.Re3 cxd5 25.Rg3 d4 26.Bf6 Ne6 27.Nxe4 fxe4 28.Qxe4 Nfg5 29.fxg5 Rxa2 30.Bg4 Qe8
31.Bf5 Kh8 32.Bxh7 Bxf6 33.gxf6 Rxf6 34.Rg1 Rf4 35.Qb1 Ng7 36.Qxa2 Kxh7 37.Qd2 Qe5
38.Qxb4 Nh5 39.Re1 Qf6 40.Kg1 Nxg3 41.hxg3 Rg4 42.Qb7 Rg7 43.Qf3 Qxf3 44.gxf3 Bf5
45.Rd1 d3 46.g4 Bg6 47.Kf2 Rb7 48.Rb1 Kg7 49.Ke3 Re7+ 50.Kd4 Re2 51.Rd1 Rf2
52.b4 Rxf3 53.b5 Rf2 54.b6 Rb2 55.c5 Kf7 56.Kd5 dxc5 57.Kxc5 Ke6 58.Re1+ Kd7
59.Rd1 Rc2+ 60.Kd5 Kc8  0-1